00700nam a2200193 i 450000100060000000300090000600500170001500700030003200800410003502000180007610000360009424501400013026000380027030000270030849000560033570000270039183000550041885200330047393052ES-MaACL20250824075902.0t|050407s1983 gw ||||1| spa d a3-923593-02-31 aLobo Lasso de la Vega, Gabriel.10aTragedia de la destrucción de Constantinopla / cGabriel Lasso de la Vega; introducción, edición y notas de Alfredo Hermenegildo. aKassel : bReichenberger, c1983. aVII, 134 p. ; c25 cm.1 aTeatro del Siglo de Oro. Ediciones críticas ; v21 aHermenegildo, Alfredo.00aTeatro del Siglo de Oro. pEdiciones críticasv2 aES-MaACLjL-10394 bR.111845